000 00544nam a2200181Ia 4500
008 151018s9999 xx 000 0 und d
082 _bRBASDV26936
_a920
100 _aरा ग जाधव
245 _aशास्त्रीजी
250 _b1
260 _bप्रतिमा प्रकाशन पुणे
_c1994
300 _a156
600 _aरा ग जाधव
630 _aशास्त्रीजी
700 _aरा ग जाधव
730 _aशास्त्रीजी
942 _cBOOK
999 _c1026533
_d1026530